<?xml version="1.0" encoding="UTF-8"?>
<record
    xmlns:xsi="http://www.w3.org/2001/XMLSchema-instance"
    xsi:schemaLocation="http://www.loc.gov/MARC21/slim http://www.loc.gov/standards/marcxml/schema/MARC21slim.xsd"
    xmlns="http://www.loc.gov/MARC21/slim">

  <leader>00480    a2200109   4500</leader>
  <controlfield tag="001">ART_40855</controlfield>
  <controlfield tag="005">20260410161935.0</controlfield>
  <controlfield tag="008">260409a                                 </controlfield>
  <datafield tag="245" ind1="1" ind2="0">
    <subfield code="a">Apuntes sobre contabilidad y estados contables. Registro p&#xFA;blico en el c&#xF3;digo civil y comercial de la Naci&#xF3;n</subfield>
  </datafield>
  <datafield tag="100" ind1="1" ind2=" ">
    <subfield code="a">Budzko, Isabel</subfield>
  </datafield>
  <datafield tag="773" ind1="0" ind2=" ">
    <subfield code="t">Boletin del Consejo Profesional de Ciencias Econ&#xF3;micas de la Provincia de Santa Fe (camara segunda)</subfield>
    <subfield code="g">- A&#xF1;o XXVII, N&#xBA; 329 (dic. 2016)</subfield>
    <subfield code="w">REV25058</subfield>
  </datafield>
  <datafield tag="999" ind1=" " ind2=" ">
    <subfield code="c">28923</subfield>
    <subfield code="d">28923</subfield>
  </datafield>
</record>
